000 00645nam a2200217Ia 4500
001 17175
003 GE_BSU
008 181216s||||||||xx |||||||||||||| ||und||
040 _cGE_BSU
080 _a821.161.1
100 _aპუშკინი, ა.ს.
245 _aრჩეული ნაწერები : 4 ტომად. ტ.2
245 _cრედ. ს. ჩიქოვანი
260 _aთბილისი
260 _bსახელგამი
260 _c1949
300 _a320 გვ.23სმ
653 _aმოთხრობა
653 _aრჩეული ნაწერები
942 _cBK
999 _c50237
_d50237